|
|
|
|
| LEADER |
00000nab a2200000 a 4500 |
| 001 |
vtls010511799 |
| 003 |
SK-MaSNL |
| 005 |
20260305005828.0 |
| 008 |
130520|2013 xo m| 000 02slo |
| 015 |
|
|
|a SNBRB2013/05
|
| 038 |
|
|
|a DSZK
|
| 040 |
|
|
|a DSZK
|b slo
|c DSZK
|e AACR2
|
| 041 |
0 |
|
|a slo
|a hun
|
| 044 |
|
|
|a xo
|c SK
|
| 080 |
|
|
|a 352.9
|x (437.6)
|2 2001
|
| 245 |
0 |
0 |
|a Prerozdelili aj transfery
|b 25. apríla zasadalo mestské zastupiteľstvo
|c [autor] (-)
|
| 300 |
|
|
|b Fotogr.
|
| 546 |
|
|
|a Dvojjazyčné vydanie
|
| 546 |
|
|
|a Súbežný názov a text v maďarčine
|
| 610 |
1 |
7 |
|a Šamorín (Slovensko).
|b Mestské zastupiteľstvo
|2 dszk
|9 176761
|
| 648 |
|
7 |
|a 25.4.2013
|2 dszk
|9 1584879
|
| 648 |
|
7 |
|a 2013
|2 dszk
|9 324251
|
| 650 |
0 |
7 |
|a zasadanie
|2 dszk
|9 280253
|
| 651 |
|
7 |
|a Šamorín (Slovensko)
|2 SNKPHgeo
|9 28925
|
| 773 |
0 |
|
|t Šamorín a okolie=Somorja és vidéke
|g Roč. XXIII, č. 5 (2013), s. 3
|x 1338-9068
|
| 852 |
|
|
|a DSZK
|b KIS3GCP
|
| 958 |
|
|
|a SK
|
| 958 |
|
|
|a HU
|
| 999 |
|
|
|c 3242853
|d 3244783
|